Danh từ kỹ thuật (công chánh và giao thông)

Salvato in:
Dettagli Bibliografici
Natura: Libro
Lingua:Undetermined
Pubblicazione: Sài Gòn Bộ Quốc Gia Giáo Dục 1959
Soggetti:
Tags: Aggiungi Tag
Nessun Tag, puoi essere il primo ad aggiungerne! !
Thư viện lưu trữ: Trung tâm Học liệu Trường Đại học Cần Thơ
LEADER 00517nam a2200157Ia 4500
001 CTU_26579
008 210402s9999 xx 000 0 und d
082 |a 629.0403 
082 |b D107 
245 0 |a Danh từ kỹ thuật (công chánh và giao thông) 
260 |a Sài Gòn 
260 |b Bộ Quốc Gia Giáo Dục 
260 |c 1959 
650 |a civil engineering,concrete construction,engineering - terminology 
904 |i Minh, 981014 
980 |a Trung tâm Học liệu Trường Đại học Cần Thơ